Ảnh hưởng của cao chiết lá xoài non (Mangifera indica) đến glucose huyết và hoạt động của enzyme glucose-6-phosphatase ở chuột bị bệnh đái tháo đường : Luận văn tốt nghiệp Cao học. Chuyên ngành Sinh thái học
Khảo sát ảnh hưởng của cao chiết lá xoài non (Mangifera indica) đến glucose huyết và hoạt động của enzyme G6Pase ở chuột nhắt trắng bệnh đái tháo đường.
Spremljeno u:
| Glavni autor: | |
|---|---|
| Format: | Knjiga |
| Jezik: | Undetermined |
| Izdano: |
Cần Thơ
Trường Đại học Cần Thơ
2017
|
| Teme: | |
| Oznake: |
Dodaj oznaku
Bez oznaka, Budi prvi tko označuje ovaj zapis!
|
| Thư viện lưu trữ: | Trung tâm Học liệu Trường Đại học Cần Thơ |
|---|
| LEADER | 01144nam a2200205Ia 4500 | ||
|---|---|---|---|
| 001 | CTU_224824 | ||
| 008 | 210402s9999 xx 000 0 und d | ||
| 082 | |a 615.321 | ||
| 082 | |b Th107 | ||
| 100 | |a Lư, Thị Lan Thanh | ||
| 245 | 0 | |a Ảnh hưởng của cao chiết lá xoài non (Mangifera indica) đến glucose huyết và hoạt động của enzyme glucose-6-phosphatase ở chuột bị bệnh đái tháo đường : | |
| 245 | 0 | |b Luận văn tốt nghiệp Cao học. Chuyên ngành Sinh thái học | |
| 245 | 0 | |c Lư Thị Lan Thanh ; Đái Thị Xuân Trang, Nguyễn Thị Ái Lan (Người hướng dẫn) | |
| 260 | |a Cần Thơ | ||
| 260 | |b Trường Đại học Cần Thơ | ||
| 260 | |c 2017 | ||
| 520 | |a Khảo sát ảnh hưởng của cao chiết lá xoài non (Mangifera indica) đến glucose huyết và hoạt động của enzyme G6Pase ở chuột nhắt trắng bệnh đái tháo đường. | ||
| 650 | |a Cây thuốc,Medicinal plants | ||
| 910 | |b nthai | ||
| 980 | |a Trung tâm Học liệu Trường Đại học Cần Thơ | ||